Hypersexuality - - - is anyone oversexed? (Record no. 38238)

MARC details
000 -LEADER
fixed length control field 00851cam a22002411 4500
001 - CONTROL NUMBER
control field med47001005
003 - CONTROL NUMBER IDENTIFIER
control field DLC
005 - DATE AND TIME OF LATEST TRANSACTION
control field 20260227111601.0
008 - FIXED-LENGTH DATA ELEMENTS--GENERAL INFORMATION
fixed length control field 791019s1947 ksu 000 0 eng
010 ## - LIBRARY OF CONGRESS CONTROL NUMBER
LC control number med47001005
035 ## - SYSTEM CONTROL NUMBER
System control number (OCoLC)5539879
040 ## - CATALOGING SOURCE
Original cataloging agency DLC
Transcribing agency OBgU
Modifying agency DLC
042 ## - AUTHENTICATION CODE
Authentication code premarc
050 00 - LIBRARY OF CONGRESS CALL NUMBER
Classification number RC881
Item number .C37
082 ## - DEWEY DECIMAL CLASSIFICATION NUMBER
Classification number 616.6
100 1# - MAIN ENTRY--PERSONAL NAME
Personal name Cauldwell, David O.,
Dates associated with a name 1896-
245 10 - TITLE STATEMENT
Title Hypersexuality - - - is anyone oversexed?
Remainder of title Viewpoints of physiologists, psychiatrists, and sociologists on precocious sexuality and nymphomania ...
260 ## - PUBLICATION, DISTRIBUTION, ETC.
Place of publication, distribution, etc. Girard, Kan.,
Name of publisher, distributor, etc. Haldeman-Julius pubns,
Date of publication, distribution, etc. [1947]
300 ## - PHYSICAL DESCRIPTION
Extent 32 p.
Dimensions 22 cm.
500 ## - GENERAL NOTE
General note Edited by E. Haldeman-Julius ; includes his "Notes and comments ... reprinted from The American freeman."
650 #0 - SUBJECT ADDED ENTRY--TOPICAL TERM
Topical term or geographic name entry element Sex.
700 2# - ADDED ENTRY--PERSONAL NAME
Personal name Haldeman-Julius, E.
Fuller form of name (Emanuel),
Dates associated with a name 1888-1951,
Relator term ed.

No items available.

Powered by Koha